<?xml version="1.0" encoding="UTF-8"?>
<record
    xmlns:xsi="http://www.w3.org/2001/XMLSchema-instance"
    xsi:schemaLocation="http://www.loc.gov/MARC21/slim http://www.loc.gov/standards/marcxml/schema/MARC21slim.xsd"
    xmlns="http://www.loc.gov/MARC21/slim">

  <leader>     nam a22     7a 4500</leader>
  <datafield tag="999" ind1=" " ind2=" ">
    <subfield code="c">259227</subfield>
    <subfield code="d">259227</subfield>
  </datafield>
  <controlfield tag="003">IT-MiCISF</controlfield>
  <controlfield tag="008">161222b        xxu||||| |||| 00| 0 eng d</controlfield>
  <datafield tag="040" ind1=" " ind2=" ">
    <subfield code="c">IT-MiCISF</subfield>
  </datafield>
  <datafield tag="041" ind1=" " ind2=" ">
    <subfield code="a">it</subfield>
  </datafield>
  <datafield tag="100" ind1=" " ind2=" ">
    <subfield code="a">Scampini Sabrina</subfield>
    <subfield code="9">56117</subfield>
  </datafield>
  <datafield tag="245" ind1=" " ind2=" ">
    <subfield code="a">Perch&#xE8; le donne valgono</subfield>
    <subfield code="b">Anche se guadagnano meno degli uomini</subfield>
  </datafield>
  <datafield tag="260" ind1=" " ind2=" ">
    <subfield code="a">Milano</subfield>
    <subfield code="b">Cairo</subfield>
    <subfield code="c">2016</subfield>
  </datafield>
  <datafield tag="300" ind1=" " ind2=" ">
    <subfield code="a">pp. 175</subfield>
  </datafield>
  <datafield tag="500" ind1=" " ind2=" ">
    <subfield code="a">donna, lavoro, donna-lavoratrice, societ&#xE0;, emancipazione-femminile, femminismo, violenza, rapporti-uomo-donna</subfield>
  </datafield>
  <datafield tag="520" ind1=" " ind2=" ">
    <subfield code="a">Perch&#xE9; le donne in Italia continuano a guadagnare complessivamente meno della met&#xE0; degli uomini? Perch&#xE9; pochissime ricoprono incarichi rilevanti e quasi mai riescono a mantenere la posizione lavorativa dopo la nascita del primo figlio (per non parlare del secondo)? La classifica mondiale sul gender gap nel mondo del lavoro parla chiaro: l&#x2019;Italia &#xE8; il peggiore tra i Paesi avanzati, eppure c'&#xE8; chi pensa che la conquista del diritto al voto, le leggi sul divorzio e sull'aborto bastino per parlare di uguaglianza. L&#x2019; A. negli ultimi tre anni &#xE8; diventata due volte mamma, e ha scoperto che diventare madri non &#xE8; solo un'esperienza meravigliosa, ma anche terribilmente complicata se si vuole continuare a lavorare. </subfield>
  </datafield>
  <datafield tag="650" ind1=" " ind2=" ">
    <subfield code="a">donna</subfield>
    <subfield code="9">56116</subfield>
  </datafield>
  <datafield tag="654" ind1=" " ind2=" ">
    <subfield code="a">saggio</subfield>
  </datafield>
  <datafield tag="942" ind1=" " ind2=" ">
    <subfield code="2">ddc</subfield>
    <subfield code="c">BK</subfield>
  </datafield>
  <datafield tag="952" ind1=" " ind2=" ">
    <subfield code="0">0</subfield>
    <subfield code="1">0</subfield>
    <subfield code="2">ddc</subfield>
    <subfield code="4">0</subfield>
    <subfield code="6">B_7276_000000000000000</subfield>
    <subfield code="7">1</subfield>
    <subfield code="a">CISF</subfield>
    <subfield code="b">CISF</subfield>
    <subfield code="d">2016-12-22</subfield>
    <subfield code="l">0</subfield>
    <subfield code="o">b7276</subfield>
    <subfield code="p">9788860526649</subfield>
    <subfield code="r">2016-12-22 00:00:00</subfield>
    <subfield code="w">2016-12-22</subfield>
    <subfield code="y">BK</subfield>
  </datafield>
</record>
